Field and laboratory methods in primatology : (Registro nro. 5456)
[ vista simple ]
| 000 -CABECERA | |
|---|---|
| Campo de control | 00917cam a22002654a 4500 |
| 005 - FECHA Y HORA DE LA ULTIMA TRANSACCION | |
| Campo de control | 20160108102923.0 |
| 008 - ELEMENTOS DE LONGITUD FIJA—INFORMACION GENERAL | |
| Campo de control | 030211t2003 -uk frb 001 0 eng |
| 020 ## - ISBN | |
| ISBN | 0521820049 |
| 020 ## - ISBN | |
| ISBN | 0521526280 (pb.) |
| 040 ## - FUENTE DE CATALOGACIÓN | |
| Agencia catalogadora original | DLC |
| Agencia transcriptora | DLC |
| Agencia Modificadora | DLC |
| -- | CO-BoIAVH |
| 041 0# - IDIOMA | |
| Código de idioma para texto/pista de sonido o título separado | Inglés |
| 042 ## - AUTHENTICATION CODE | |
| Authentication code | pcc |
| 044 ## - PAÍS DE PUBLICACIÓN | |
| País de publicación | |
| 082 04 - NUMERO DE CLASIFICACION DECIMAL DEWEY | |
| Número de clasificación | 569.8 |
| Número del ítem | S49f |
| 100 1# - ASIENTO PRINCIPAL--NOMBRE PERSONAL | |
| Nombre personal | Setchell, Joanna M. |
| Término relacionado | Editor |
| 9 (RLIN) | 48703 |
| 245 10 - MENCION DE TITULO | |
| Título | Field and laboratory methods in primatology : |
| Parte restante del título | a practical guide / |
| Mención de responsabilidad | edited by Joanna M. Setchell and Deborah J. Curtis. |
| 260 ## - PUBLICACION, DISTRIBUCION, ETC. (PIE DE IMPRENTA) | |
| Lugar de publicación, distribución, etc. | Cambridge ; |
| -- | New York : |
| Nombre del editor, distribuidor, etc. | Cambridge University Press, |
| Fecha de publicación, distribución, etc. | c2003. |
| 300 ## - DESCRIPCION FISICA | |
| Extensión | xxv, 343 páginas ; |
| Dimensiones | 24 x 16 cm. |
| 504 ## - NOTA DE BIBLIOGRAFIA, ETC. | |
| Nota de bibliografía | Includes bibliographical references and index. |
| 650 #0 - ASIENTO SECUNDARIO DE MATERIA - TERMINO TEMATICO | |
| Término temático o nombre geográfico como elemento de entrada | Primates |
| Subdivisión general | Research |
| -- | Methodology. |
| 9 (RLIN) | 48704 |
| 650 #0 - ASIENTO SECUNDARIO DE MATERIA - TERMINO TEMATICO | |
| Término temático o nombre geográfico como elemento de entrada | Primatology. |
| 9 (RLIN) | 48705 |
| 650 #4 - ASIENTO SECUNDARIO DE MATERIA - TERMINO TEMATICO | |
| Término temático o nombre geográfico como elemento de entrada | Primates |
| Subdivisión general | Investigaciones |
| 9 (RLIN) | 48706 |
| 700 1# - ASIENTO SECUNDARIO - NOMBRE PERSONAL | |
| Nombre personal | Curtis, Deborah J., |
| Fechas asociadas con el nombre | 1964- |
| 9 (RLIN) | 48707 |
| 942 ## - ELEMENTOS ADICIONALES (KOHA) | |
| Sistema de clasificación | Dewey Decimal Classification |
| Tipo de ítem | Libro |
| Withdrawn status | Lost status | Sistema de Clasificación | Damaged status | No para préstamo | Colección | Inventariado | Ubicación Permanente | Ubicación actual | Fecha de adquisición | Fuente de Valor | Valor | Total Checkouts | Número topográfico | Inventario / Código de Barras | Date last seen | Ejemplar | Price effective from | Forma de adquisición | Tipo de material |
|---|---|---|---|---|---|---|---|---|---|---|---|---|---|---|---|---|---|---|---|
| Dewey Decimal Classification | General | Inventariado 2017 | Bogotá | Bogotá | Instituto | 39000.00 | LB-569.8 S49f | 023958 | 04/12/2012 | Ej.1 | 04/12/2012 | Compra | Libro |